Inventory management model with return
Model riadenia zásob, ekonomická efektívnosť. Reverzná logistika. Model plánovania výroby s tržbou. Formulácia modelu plánovania výroby s tržbou. Riešenie modelu plánovania výroby s tržbou.
Salvato in:
| Autore principale: | |
|---|---|
| Altri autori: | , |
| Natura: | Capitolo di libro |
| Lingua: | inglese |
| Soggetti: | |
| Tags: |
Nessun Tag, puoi essere il primo ad aggiungerne!!
|
MARC
| LEADER | 00000nla$a2200000$$$4500 | ||
|---|---|---|---|
| 001 | 0119763 | ||
| 005 | 20240502083311.1 | ||
| 041 | 0 | |a eng | |
| 044 | |a CZ | ||
| 245 | 1 | 0 | |a Inventory management model with return |c Pavel Gežík, Ivan Brezina, Juraj Pekár |
| 520 | |a Model riadenia zásob, ekonomická efektívnosť. Reverzná logistika. Model plánovania výroby s tržbou. Formulácia modelu plánovania výroby s tržbou. Riešenie modelu plánovania výroby s tržbou. | ||
| 610 | 2 | 0 | |a riadenie zásob |
| 610 | 2 | 0 | |a logistika reverzná |
| 610 | 2 | 0 | |a tržby |
| 610 | 2 | 0 | |a výroba |
| 610 | 2 | 0 | |a modely |
| 610 | 2 | 0 | |a efektívnosť ekonomická |
| 610 | 2 | 0 | |a náklady |
| 100 | 1 | |a Gežík, Pavel, 1983- | |
| 700 | 1 | |a Brezina, Ivan, 1963- | |
| 700 | 1 | |a Pekár, Juraj, 1972- | |